LEADER 01434nam a2200349 a 4500 001 000000112489 003 CaOOAMICUS 005 20080709161804.0 008 080709s1969 it abf 000 u ita c 040 $aPUL$bita$dLDB 041 1 $aita$heng 100 1 $aMcAleavy, Henry,$d1912-$0(OLS)http://pul/name/69344 240 10$aModern history of China.$lItaliano.$0(OLS)http://pul/title/141379 245 10$aStoria della Cina moderna /$cHenry McAleavy. 260 $aMilano :$bRizzoli,$cc1969. 300 $a509 p., [8] p. di tav. :$bill., c. geogr. ;$c23 cm 490 1 $aCollana storica Rizzoli 500 $aIndice : p. 491-509. 500 $aSul verso del front. : Traduzione di Mario Bonini. 504 $aBibliografia: p. 475-[488]. 651 4$aCina$xStoria$ySec. XIX.$0(OLS)http://pul/subject/28283 651 4$aCina$xStoria$ySec. XX.$0(OLS)http://pul/subject/19209 830 0$aCollana storica Rizzoli.$0(OLS)http://pul/title/19867 850 $aPUL 852 $aPUL$W1$xDP1 Fondo Fallaci$y66$mB V 2.5$j128692$qFondi$B127644$CPULBib$Z2$F127644 $82 941 1 $a1 961 $aEx libris Oriana Fallaci 961 $aSegnalibro alle pag. : 31,55, 58, 62-63, 215, 237, 320, 353, 961 $aNota nella seconda carta senza paginazione 961 $aSottolineature 996 $6245$aStoria della Cina moderna$9(OLS)http://pul/title/141378 996 $6260$aMilano :$bRizzoli$9(OLS)http://pul/publisher/48712 LEADER 01265nam a2200301 u 4500 001 000000052831 003 CaOOAMICUS 005 20070226115507.0 008 001025s1940 it u000 u ita u 035 $a10859475 040 $aPUL(R)$bita 041 1 $aita$hgrc 100 0 $aEpictetus,$dsec. I-II.$0(OLS)http://pul/name/2550 240 10$aEnchiridion$9(Epictetus, sec. I-II).$lItaliano.$0(OLS)http://pul/title/3528 245 10$aManuale /$cEpitteto ; tradotto da Giacomo Leopardi ; introduzione e note di Guido De Ruggiero. 260 $aFirenze :$bVallecchi,$c1940. 300 $a66 p. ;$c20 cm 490 1 $aTesti filosofici commentati 700 1 $aDe Ruggiero, Guido,$d1888-1948.$0(OLS)http://pul/name/5898 700 1 $aLeopardi, Giacomo,$cconte,$d1798-1837.$0(OLS)http://pul/name/10277 830 0$aTesti filosofici commentati (Vallecchi).$0(OLS)http://pul/title/65858 850 $aPUL 852 $aPUL$W1$xDP1 Fondo Ciprotti$y59$m1546 G 33$j69774$nBK-PRI$b $qFondi$B69774$CPULBib$Z2$F69774 $H $81 900 $aEpitteto,$dsec. I-II$92550 941 1 $a1 961 $aINV: F.cIPROTTI 996 $6245$aManuale$9(OLS)http://pul/title/43402 996 $6260$aFirenze :$bVallecchi$9(OLS)http://pul/publisher/47977